| 000 | 00391nam a2200133 i 4500 | ||
|---|---|---|---|
| 001 | bg | ||
| 245 | 0 | 0 |
_aMatematyka : _bpodręcznik dla inżynierów studiów zawodowych : praca zbiorowa. _nT. 1 / _cpod red. Edwarda Otto. |
| 260 |
_aWarszawa, _c1970. |
||
| 700 | 1 |
_aOtto, Edward _d(1908-1986). _eRed. |
|
| 040 | _cBPK | ||
| 041 | _apol | ||
| 942 | _cKS | ||
| 008 | s pl f |000 0 pol | ||
| 999 |
_c7091 _d7091 |
||
| 856 |
_uhttp://koha.tu.koszalin.pl/cgi-bin/koha/opac-detail.pl?biblionumber=7091 _yKatalog online BPK |
||